| 000 | 00523cam a22001933a 4500 | ||
|---|---|---|---|
| 020 | _a0439328527 (pbk.) | ||
| 040 | _cEOW | ||
| 082 | _a823 SCH 2001 A094 Or. | ||
| 100 | 1 | _aEnderle, Judith Ross. | |
| 245 | 1 | 0 | _aSchool stinks! / |
| 260 |
_aNew York : _bScholastic, _cc2001. |
||
| 300 |
_a148 p. : _bill. ; _c20 cm. |
||
| 500 | _a"Little Apple"--Spine. | ||
| 650 | 0 | _aSchools | |
| 650 | 0 | _aSisters | |
| 700 | 1 | _aGordon, Stephanie Jacob, | |
| 710 | 2 | _aCopyright Paperback Collection (Library of Congress) | |
| 942 | _cEK | ||
| 999 |
_c14268 _d14268 |
||